[Event "Madrid Oliver Gonzalez Memorial-B 3rd"]
[Site "Madrid"]
[Date "2012.09.08"]
[Round "8"]
[White "Rives Higueras, Alan"]
[Black "Morera Rodriguez, Ignacio"]
[Result "1-0"]
[WhiteElo "1959"]
[BlackElo "1800"]
[PlyCount "63"]
[EventDate "2012.09.01"]
[EventType "swiss"]
[EventRounds "9"]
[EventCountry "ESP"]
[SourceTitle "CBM 150 Extra"]
[Source "ChessBase"]
[SourceDate "2012.10.19"]
[SourceVersion "1"]
[SourceVersionDate "2012.10.19"]
[SourceQuality "1"]

1. e4 c5 2. Nf3 d6 3. d4 cxd4 4. Nxd4 Nf6 5. Nc3 a6 6. Be2 e6 7. Be3 Be7 8. Qd2 b5 9. a3 Bb7 10. f3 Qc7 11. 0-0-0 Nc6 12. Ndxb5 axb5 13. Nxb5 Qd8 14. Nxd6+ Bxd6 15. Qxd6 Qxd6 16. Rxd6 0-0 17. Rhd1 h6 18. Bb5 Ne5 19. a4 Rac8 20. b3 Bc6 21. Be2 g5 22. h4 g4 23. Bxh6 Nxe4 24. Bxf8 Nc3 25. Rd8 Nxe2+ 26. Kb2 Rxd8 27. Rxd8 Kh7 28. fxg4 Nxg4 29. a5 Bxg2 30. a6 Ne5 31. a7 Nc6 32. a8Q 1-0

[Event "Madrid Oliver Gonzalez Memorial-B 3rd"]
[Site "Madrid"]
[Date "2012.09.02"]
[Round "2"]
[White "Merino Araguas, Jose Javier"]
[Black "Rives Higueras, Alan"]
[Result "1-0"]
[WhiteElo "1811"]
[BlackElo "1959"]
[PlyCount "27"]
[EventDate "2012.09.01"]
[EventType "swiss"]
[EventRounds "9"]
[EventCountry "ESP"]
[SourceTitle "CBM 150 Extra"]
[Source "ChessBase"]
[SourceDate "2012.10.19"]
[SourceVersion "1"]
[SourceVersionDate "2012.10.19"]
[SourceQuality "1"]

1. d4 Nf6 2. c4 e5 3. dxe5 Ng4 4. Bf4 Bb4+ 5. Nd2 Nc6 6. Ngf3 Qe7 7. e3 Ngxe5 8. Nxe5 Nxe5 9. Be2 0-0 10. 0-0 d6 11. Nb3 Be6 12. a3 Nxc4 13. axb4 Qf6 14. Nd4 1-0

[Event "Madrid Oliver Gonzalez Memorial 1st"]
[Site "Madrid"]
[Date "2010.10.11"]
[Round "3"]
[White "Rives Higueras, Alan"]
[Black "Martin Rodriguez, Jose Luis"]
[Result "1-0"]
[WhiteElo "2012"]
[BlackElo "1519"]
[PlyCount "41"]
[EventDate "2010.10.09"]
[EventType "swiss"]
[EventRounds "9"]
[EventCountry "ESP"]
[SourceTitle "CBM 138 Extra"]
[Source "ChessBase"]
[SourceDate "2010.10.29"]
[SourceVersion "1"]
[SourceVersionDate "2010.10.29"]
[SourceQuality "1"]

1. e4 e6 2. d4 d5 3. e5 c5 4. c3 Nc6 5. Nf3 Qb6 6. Bd3 Bd7 7. 0-0 cxd4 8. cxd4 Nxd4 9. Nxd4 Qxd4 10. Nc3 Qxe5 11. Re1 Qd6 12. Bb5 Bxb5 13. Nxb5 Qb8 14. Qa4 Ke7 15. Bf4 Qe8 16. Rac1 Rc8 17. Bd6+ Kd8 18. Rxc8+ Kxc8 19. Nxa7+ Kd8 20. Qa5+ Kd7 21. Qc7# 1-0